Moot court Ed 3 (Record no. 241319)

MARC details
000 -LEADER
fixed length control field 00961nam a22002417a 4500
005 - DATE AND TIME OF LATEST TRANSACTION
control field 20260421164901.0
008 - FIXED-LENGTH DATA ELEMENTS--GENERAL INFORMATION
fixed length control field 260421b |||||||| |||| 00| 0 eng d
020 ## - INTERNATIONAL STANDARD BOOK NUMBER
International Standard Book Number 9789392140075
040 ## - CATALOGING SOURCE
Transcribing agency AL
041 ## - LANGUAGE CODE
Language code of text/sound track or separate title eng
082 ## - DEWEY DECIMAL CLASSIFICATION NUMBER
Classification number 340.1
Item number MISM
100 ## - MAIN ENTRY--PERSONAL NAME
Personal name O P Mishra
100 ## - MAIN ENTRY--PERSONAL NAME
9 (RLIN) 262261
245 ## - TITLE STATEMENT
Title Moot court Ed 3
250 ## - EDITION STATEMENT
Edition statement 3
260 ## - PUBLICATION, DISTRIBUTION, ETC.
Place of publication, distribution, etc. Allahabad
Name of publisher, distributor, etc. Central Law Agency
Date of publication, distribution, etc. 2022
300 ## - PHYSICAL DESCRIPTION
Extent xxxv,403p
Other physical details PB
Dimensions 23x15.5cm
365 ## - TRADE PRICE
Source of price type code Law
Price type code 1343
Price amount ₹300.00
Currency code
Unit of pricing ₹400.00
Price note 25%
Price effective from 14-03-2026
520 ## - SUMMARY, ETC.
Summary, etc. Table of Contents<br/>Introduction<br/>Moot Court (Pre-Trial Preparation)<br/>Moot Court (Participation in Trial Proceedings)<br/>Skills Developed Through Moot Court<br/>Challenges in Moot Court Participation<br/> Importance of Moot Court in Legal Education and Professional Development<br/> Conclusion
650 ## - SUBJECT ADDED ENTRY--TOPICAL TERM
Topical term or geographic name entry element Pre Trial Preparation and Participation in trial proceedings
9 (RLIN) 262262
650 ## - SUBJECT ADDED ENTRY--TOPICAL TERM
Topical term or geographic name entry element Civil Cases
9 (RLIN) 262263
650 ## - SUBJECT ADDED ENTRY--TOPICAL TERM
Topical term or geographic name entry element Pleadings
9 (RLIN) 262264
942 ## - ADDED ENTRY ELEMENTS (KOHA)
Source of classification or shelving scheme Dewey Decimal Classification
Koha item type Book
Holdings
Withdrawn status Lost status Source of classification or shelving scheme Damaged status Not for loan Collection code Home library Current library Date acquired Source of acquisition Cost, normal purchase price Total Checkouts Full call number Barcode Date last seen Cost, replacement price Price effective from Koha item type
    Dewey Decimal Classification     Law St Aloysius Law Library St Aloysius Law Library 04/16/2026 MPP House Bengaluru -560009 300.00   340.1 MISM LL002579 04/21/2026 400.00 03/14/2026 Book
    Dewey Decimal Classification     Law St Aloysius Law Library St Aloysius Law Library 04/16/2026 MPP House Bengaluru -560009 300.00   340.1 MISM LL002580 04/21/2026 400.00 03/14/2026 Book
    Dewey Decimal Classification     Law St Aloysius Law Library St Aloysius Law Library 04/16/2026 MPP House Bengaluru -560009 300.00   340.1 MISM LL002581 04/21/2026 400.00 03/14/2026 Book